000
00260nam a22000977a 4500
999
_c
11799
_d
11799
008
200217b ||||| |||| 00| 0 eng d
020
_a
0570060532
100
_a
Kramer Janice
_9
7480
245
_a
Donkey Daniel
260
_a
Missouri
_b
Concordia Publishing House
_c
1970